Datum a čas kvízu
5.5
Celkem bodů
Celkový počet nahraných bodů na tomto kvízu bez doplňovacích otázek.
6.
Pořadí na kvízu
Konečné umístění týmu na tomto kvízu.
Zaznamenané odpovědi
| # | Otázka | Odpověď | Body | Výsledky |
|---|---|---|---|---|
| 1. | Bývalá pražská primátorka Adri... | C) detektivní román | 1 | |
| 2. | Kanadská společnost Flash Fore... | drony | 0 | |
| 3. | Minulý týden byla zapsána na s... | vamberecká (krajka) | 0 | |
| 4. | Skupina Kofola oznámila po krá... | (F. H.) Prager | 0 | |
| 5. | 36letá bývalá světová jednička... | Kim Clijstersová | 0 | |
| 6. | Rožnovský tým Kačeři vyhrál mo... | Dave Gahan | 0 | |
| 7. | Jak se jmenuje umělec, který v... | Marilyn Manson | 0 | |
| 8. | Podle čeho si tato kapela vybr... | B) podle časopisu | 0 | |
| 9. | Gary Numan, Ultravox, Devo...... | synthpop | 0 | |
| 10. | Depešáci ovlivnili řadu hudebn... | Shalom | 0 |